000 00314 a2200145 4500
001 75184
020 _a9788591651207
040 _cAnchieta - Colégio São Paulo
240 1 0 _aMemórias do mar
_lpor
245 1 0 _aMemórias do mar
300 _a79
362 0 _a2013
650 4 _aPoesia brasileira
942 _cBK
999 _c75184
_d75184